000
00351pam a2200157a 44500
008
230515b2008 xxu||||| |||| 00| 0 eng d
020
_a
NULL
041
_a
ENGLISH
082
_a
025.04 AGA
100
_a
AGARWAL VIDYA VRAT
245
_a
BEGINING C # 2008 DATABASE
250
_a
1
260
_a
DELHI
_b
NA
_c
2008
300
_a
482
650
_a
NULL
999
_c
639586
_d
639586